Hércules : más que un hombre, menos que un dios /

Guardado en:
Autor Principal: Rivera, Iris
Otros Autores: Huadi; il.
Formato: Libro
Publicado: Buenos Aires : Az, 2014
Materias:
Etiquetas: Agregar Etiqueta
Sin Etiquetas, Sea el primero en etiquetar este registro!
LEADER 00788nam a22002415a 4500
001 CEM.cems015227
008 130507s2014##################000#0#####d
005 20220914092915.0
245 1 0 |a Hércules :  |b más que un hombre, menos que un dios /  |c Iris Rivera ; ilustrado Por Huadi 
260 |a Buenos Aires :  |b Az,  |c 2014 
300 |a 48 p. 
020 |a 9789873502804 
100 1 |a Rivera, Iris 
700 1 |a Huadi; il. 
082 0 4 |a A868.4 
653 |a Literatura 
653 |a Literatura argentina 
653 |a Literatura infantil 
653 |a Cuentos infantiles 
653 |a Colección ciencias de la educación 
653 |a Mitos 
859 |a CEMS  |b BIB. CEMS - Inicial y Primaria  |h A868.4  |i R524  |p 4439  |t Ej.1 
859 |a CEMS  |b BIB. CEMS - Ccias. Educacion  |h A868.4  |i R524-1  |k CE  |p 28438.19  |t Ej.1